Shows by Were they Take Place - Statistics

General Stats
  • This quiz has been taken 16 times
  • The average score is 6 of 15
Answer Stats
Hint Answer % Correct
Seinfeld New York
86%
Northern Exposure Alaska
64%
Bojack Horseman California
57%
South Park Colorado
57%
Family Guy Rhode Island
57%
Rick and Morty Washington
57%
American Dad Virginia
50%
Shameless Illinois
36%
Gravity Falls Oregon
36%
Bridgerton London
29%
The Last of Us United States
29%
Narcos Medellin
21%
Total Drama Island Ontario
14%
Bluey Queensland
7%
Tear Along the Dotted Line Rome
7%
No matching quizzes found
Score Distribution
Percent of People with Each Score
Percentile by Number Answered
Your Score History
You have not taken this quiz